Statistics for Sporting Songs

Click here to take the quiz!

General Stats

  • This quiz has been taken 19 times
  • The average score is 7 of 15

Answer Stats

ArtistSong% Correct
Tears For FearsEverbody Wants To Run The {World}
88%
Carl Douglas{Kung} {Fu} Fighting
82%
The Who{Pinball} Wizard
82%
Beach Boys{Surfin'} USA
82%
Queen{Bicycle} Race
76%
Kate Bush{Running} Up That Hill
65%
Lightning SeedsThree Lions ({Football}'s Coming Home)
65%
Lorde{Tennis} Court
53%
Christopher Cross{Sailing}
41%
John FogertyCenter{field}
35%
Simon and GarfunkelThe {Boxer}
35%
Chas And Dave{Snooker} Loopy
18%
GirlschoolRace With The {Devil}
12%
Franz Ferdinand{Darts} Of Pleasure
6%
Canned HeatFried {Hockey} Boogie
0%

Score Distribution

Percentile by Number Answered

Percent of People with Each Score

Your Score History

You have not taken this quiz